000 00593nam a2200181Ia 4500
008 210719s2019 xx 000 0 und d
020 _a978-81-933887-9-2
041 _aeng
082 _a370 KENF
100 _aKENNEDY (P John Joseph);CHENNATTUSERRY (Joseph Chacko);THOMAS (Kennedy Andrew)
245 _aFostering higher education:half a century in service
260 _aBengaluru
_bChrist (Deemed to be University)
_c2019
300 _a374
_bHB
365 _cRs
650 _aEducation
650 _aHigher Education
906 _acentury ; education:half ; Fostering ; higher ; service
999 _c215934
_d215934